000 00418nam a2200145Ia 4500
003 OSt
005 20260128121633.0
008 211028s2018 xx 000 0 und d
040 _cAIMIT LIBRARY
041 _aeng
100 _aAkrami, Aladdin Hassan; Baretto, Royce.
_g1616010
_97767
245 _aStudy on readers attitude towards inline journalism /
260 _aMangalore
_bRowena Wright
_c2018
942 _2ddc
_cPRO
999 _c219335
_d219335